La doctrina del derecho de Hans Kelsen / (Registro nro. 28132)

Detalles MARC
000 -LEADER
fixed length control field 00874nam a2200241Ia 4500
003 - CONTROL NUMBER IDENTIFIER
control field CO-CtgCURN
005 - DATE AND TIME OF LATEST TRANSACTION
control field 20250407185034.0
008 - FIXED-LENGTH DATA ELEMENTS--GENERAL INFORMATION
fixed length control field 190722s9999 xx 000 0 und d
020 ## - INTERNATIONAL STANDARD BOOK NUMBER
International Standard Book Number 9586164179
040 ## - CATALOGING SOURCE
Original cataloging agency CO-CtgCURN
Language of cataloging spa
Transcribing agency coctgcurn
082 ## - DEWEY DECIMAL CLASSIFICATION NUMBER
Classification number 340.1
Item number W231
100 ## - MAIN ENTRY--PERSONAL NAME
Personal name Walter, Robert
Relator term autor
9 (RLIN) 4923
245 #0 - TITLE STATEMENT
Title La doctrina del derecho de Hans Kelsen /
Statement of responsibility, etc. Robert Walker; traducción., Luis Villar Borda
260 ## - PUBLICATION, DISTRIBUTION, ETC.
Place of publication, distribution, etc. Bogotá, Colombia :
Name of publisher, distributor, etc. Universidad Externado de Colombia,
Date of publication, distribution, etc. 1999
300 ## - PHYSICAL DESCRIPTION
Extent 94 páginas ;
Dimensions 17 centímetros
490 ## - SERIES STATEMENT
Series statement Teoria Juridica y Filosofia del Derecho;
Volume/sequential designation 13
521 ## - TARGET AUDIENCE NOTE
Target audience note AREA PROFESIONAL
590 ## - LOCAL NOTE (RLIN)
Local note Programa de Derecho_18
650 ## - SUBJECT ADDED ENTRY--TOPICAL TERM
Topical term or geographic name entry element Derecho
9 (RLIN) 4924
700 ## - ADDED ENTRY--PERSONAL NAME
Personal name Villar Borda, Luis
Relator term traductor
9 (RLIN) 4925
942 ## - ADDED ENTRY ELEMENTS (KOHA)
Koha item type Libros
Classification part 340.1
Item part W231
Source of classification or shelving scheme Dewey Decimal Classification
Suppress in OPAC No
Existencias
Withdrawn status Lost status Source of classification or shelving scheme Damaged status Not for loan Collection Home library Current library Shelving location Date acquired Inventory number Total checkouts Full call number Barcode Date last seen Copy number Price effective from Koha item type
    Dewey Decimal Classification       Miguel Henríquez Castañeda Barranquilla Miguel Henríquez Castañeda Barranquilla General 05/23/2018 00915   340.1 W231 00915 07/22/2019 ej.1 07/22/2019 Libros